Top 100 Biggest Cities in US States that Start with W - Statistics

General Stats
  • This quiz has been taken 156 times
  • The average score is 31 of 100
Answers on the Map
Answers color-coded by a green-red scale on the quiz's map according to % correct below.
 
Answer Stats
State City Population % Correct
Washington Seattle 765,115
98%
Wisconsin Milwaukee 588,939
96%
Wisconsin Madison 261,506
94%
Washington Spokane 224,830
94%
West Virginia Charleston 45,900
91%
Wyoming Cheyenne 64,635
91%
Wisconsin Green Bay 104,323
87%
Washington Tacoma 219,543
86%
Washington Olympia 53,256
83%
Washington Vancouver 186,039
82%
Wyoming Casper 58,347
72%
Washington Spokane Valley 102,812
66%
Washington Bellevue 149,264
65%
Wisconsin Eau Claire 68,834
64%
Wisconsin Kenosha 99,980
64%
Washington Yakima 93,726
64%
Washington Everett 111,862
60%
Washington Kent 132,904
57%
Wisconsin Appleton 73,818
54%
West Virginia Huntington 44,462
54%
Wisconsin Oshkosh 67,206
54%
Wisconsin Racine 76,445
54%
Wyoming Laramie 32,810
52%
West Virginia Morgantown 30,351
51%
Washington Walla Walla 32,907
50%
West Virginia Wheeling 26,210
50%
Washington Federal Way 95,852
48%
West Virginia Parkersburg 28,959
47%
Wisconsin Waukesha 72,145
47%
Washington Bellingham 94,164
46%
Wyoming Gillette 32,004
44%
Wisconsin Sheboygan 47,845
43%
Washington Renton 101,715
41%
Washington Kennewick 85,998
40%
Wisconsin La Crosse 50,963
39%
Wisconsin Janesville 64,667
35%
Washington Kirkland 96,111
33%
Wisconsin Wausau 38,519
32%
Wisconsin Fond du Lac 43,603
29%
Washington Auburn 81,139
28%
Wisconsin Superior 25,890
27%
Washington Pasco 76,379
26%
Washington Redmond 76,422
25%
Wisconsin Beloit 36,883
23%
Washington Bremerton 41,927
23%
Washington Richland 58,917
23%
Washington Wenatchee 34,487
21%
Washington Marysville 70,990
20%
Washington Pullman 35,069
20%
Washington Mount Vernon 36,364
18%
Washington Puyallup 42,870
18%
Washington Sammamish 66,289
18%
Washington Issaquah 39,789
17%
Washington Longview 38,832
17%
Wisconsin Stevens Point 25,623
17%
Wisconsin Brookfield 39,515
16%
Wisconsin Manitowoc 32,556
16%
Wisconsin New Berlin 39,695
16%
Wisconsin West Allis 60,370
16%
Washington SeaTac 28,967
15%
Washington Shoreline 57,497
15%
Wisconsin West Bend 31,591
15%
Washington Burien 51,269
13%
Wisconsin Greenfield 37,121
13%
Washington Lacey 54,584
13%
Washington Lakewood 61,563
13%
Wisconsin Menomonee Falls 38,415
13%
Wisconsin Wauwatosa 48,043
13%
Wisconsin Watertown 23,343
12%
Washington Bothell 48,321
11%
Wisconsin De Pere 24,929
11%
Washington Lynnwood 39,874
11%
Wisconsin Muskego 25,186
11%
Wisconsin Neenah 26,563
11%
Wisconsin Sun Prairie 35,374
11%
Wisconsin Caledonia 25,326
10%
Wisconsin Fitchburg 31,444
10%
Wisconsin Mequon 24,402
10%
Wisconsin Mount Pleasant 27,065
10%
Wisconsin Oak Creek 36,244
10%
Washington Camas 25,024
9%
Wisconsin Franklin 35,798
9%
Washington Des Moines 32,446
8%
Washington Edmonds 42,585
8%
Washington Kenmore 23,189
8%
Washington Moses Lake 24,392
8%
Washington Oak Harbor 23,770
7%
Washington Tumwater 24,383
7%
Washington Mercer Island 25,906
6%
Washington Bainbridge Island 25,776
5%
Washington Lake Stevens 34,484
5%
Washington South Hill 60,172
5%
Washington Spanaway 32,575
5%
Washington University Place 34,283
5%
Washington Graham 28,976
4%
Washington Maple Valley 27,372
4%
Washington Orchards 24,335
4%
Washington Parkland 37,303
4%
Washington North Lynnwood 23,620
2%
Washington Mill Creek East 24,291
1%
No matching quizzes found
Score Distribution
Percent of People with Each Score
Percentile by Number Answered
Your Score History
You have not taken this quiz